000 01883cam a22004454i 4500
003 PE-LiUPU
005 20250731173153.0
008 150623s r 000 0 d
020 _a0825410045
035 _a(Sirsi) i9780825410048
040 _aPE-LiUPU
_bspa
_cPE-LiUPU
_erda
049 _aPRUA
082 0 4 _a223.207 7
_bA22
_221
100 1 _aAdams, Jeff,
_eautor.
245 1 0 _aSalmo 119 :
_buna odisea al corazón de Dios /
_cJeff Adams.
264 1 _aGrand Rapids, Michigan :
_bEditorial Portavoz,
_c1996.
300 _a320 páginas ;
_c23 centímetros
336 _atext
_2rdacontent
337 _aunmediated
_2rdamedia
338 _avolume
_2rdacarrier
505 0 _aBuscando desesperadamente el corazón de Dios. Como uedo llegar a ser limpio? (9-16). Sacándole el máximo provefcho a la vida (17-24). Consumido, cargado y edificado (25-32). La oración que captura el corazón de Dios (33-40). Como ser confiado sin ser arrogante. Acueérdate de acordate. Miporción del pastel. La escuela de la aflicción. Cómo permanecer estable en un mundo inestable. Casi echando por tierra, pero sólo casi. La absoluta palabra de Dios.
526 _aSEG42
526 _aSEG41
526 _aSEG40
526 _aSEG39
526 _aP94
526 _aP87
526 _aP86
526 _aP85
526 _aP77
526 _aP76
526 _aP35
630 _aBiblia.
_pA.T.
_pSalmos
_xComentarios.
942 _2ddc
_cBOOK
949 _a223.207 7 A22
_wDEWEY
_c1
_i53502
_lCCODEBUL1
_mBUL
_p47.30
_r0
_sY
_tBOOK
_u2015-6-24
_xTEOLOGIA
_PP35
_0COMPRA
_o.STAFF. Colección General
994 _aC0
_bPEPRU
596 _a1
999 _a223.207 7 A22
_wDEWEY
_c35504
_i53502
_d35504
_f2021-11-9
_g5
_lCCODEBUL1
_mBUL
_p47.30
_q1
_r0
_sY
_tBOOK
_u2015-6-24
_xTEOLOGIA
_PP35
_0COMPRA
_o.STAFF. Colección General
980 _81
_gALBERTO SANCHEZ Responsable de Automatización